| 000 | 00000nam##2200000za#4500 |
| 001 | 9.569647 |
| 003 | CaOODSP |
| 005 | 20210624181852 |
| 007 | cr ||||||||||| |
| 008 | 150406|2005||||xxc|||||o f|0| 0 eng|d |
| 040 | |aCaOODSP|beng |
| 043 | |an-cn--- |
| 086 | 1 |aNH18-1/325-2005E-PDF |
| 110 | 2 |aCanada Mortgage and Housing Corporation. |
| 245 | 10|aAcceptance of manufactured housing in First Nations communities of the Atlantic region / |h[electronic resource]|cby Ausra Burns. |
| 246 | 3 |aAcceptance of manufactured housing in First Nations Communities in Atlantic Canada = Réception des maisons usinées dans les collectivités des premières nations du Canada atlantique |
| 260 | |aOttawa - Ontario : |bCanada Mortgage and Housing Corporation |cMay 2005. |
| 300 | |a41p.|breferences, table |
| 490 | 1 |aResearch report |
| 500 | |aIncludes: Research highlight (Socio-economic series 05-017) under the title "Acceptance of manufactured housing in First Nations communities in Atlantic Canada". Y compris : Le point en recherche (Série socio-économique 05-017) sous le titre « Réception des maisons usinées dans les collectivités des premières nations du Canada atlantique ». |
| 546 | |a(Comprend du texte en français.) |
| 590 | |a11-26-Supp|b2011-11-03 |
| 720 | 1 |aBurns, Ausra |
| 830 | #0|aResearch report (Canada Mortgage and Housing Corporation : Online)|w(CaOODSP)9.506068 |
| 856 | 40|ahttp://publications.gc.ca|qPDF|s805 KB|uhttps://publications.gc.ca/collections/collection_2011/schl-cmhc/nh18-1/NH18-1-325-2005-eng.pdf |